Państwa graniczące z Bułgarią - Statystyki

Ogólne statystyki
  • Ten quiz został rozwiązany 19 razy
  • Średni wynik to 5 z 5
Statystyki odpowiedzi
Państwo % Poprawnych
Rumunia
100%
Macedonia Północna
89%
Serbia
89%
Turcja
89%
Grecja
84%
Nie znaleziono quizów pasujących do podanych kryteriów
Rozkład punktacji
Procent ludzi z każdym wynikiem
Percentyl według liczby udzielonych odpowiedzi
Twoja historia wyników
Nie rozwiązałeś tego quizu